Normal view
MARC view
- Mueller, T. J
Entry Personal Name
001 - CONTROL NUMBER
- control field: 110656
003 - CONTROL NUMBER IDENTIFIER
- control field: NUST
005 - DATE AND TIME OF LATEST TRANSACTION
- control field: 20230320125320.0
008 - FIXED-LENGTH DATA ELEMENTS
- fixed length control field: 230320|| aca||aabn | a|a d
040 ## - CATALOGING SOURCE
- Original cataloging agency: NUST
- Transcribing agency: NUST
100 ## - HEADING--PERSONAL NAME
- Personal name: Mueller, T. J
670 ## - SOURCE DATA FOUND
- Source citation: Work cat.: (NUST)0: Introduction to the design of fixed-wing micro air vehicles /, c2007.
